DERECHO DE LA SEGURIDAD SOCIAL: SISTEMA JUBILATORIO. SEGUROS SOCIALES. ASIGNACIONES FAMILIARES. OBRAS Y SERVICIOS SOCIALES. SERVICIOS DE EMPLEO Y CAPACITACION PROFESIONAL AHORRO Y MUTUALISMO /

-д хадгалсан:
Номзүйн дэлгэрэнгүй
Үндсэн зохиолч: Cordini, Miguel Angel (autor)
Формат: Ном
Цуврал:MANUALES DE EUDEBA
Нөхцлүүд:
Шошгууд: Шошго нэмэх
Шошго байхгүй, Энэхүү баримтыг шошголох эхний хүн болох!

MARC

LEADER 00000nam^a2200000^a^4500
001 000228572
005 20250521000000.0
009 20260310104330.88
035 |a 046883 
037 |a Acervo Xavier Clavigero 
082 |a 344. 02  |b COR 
100 |a Cordini, Miguel Angel  |e (autor) 
245 1 0 |a DERECHO DE LA SEGURIDAD SOCIAL:  |b SISTEMA JUBILATORIO. SEGUROS SOCIALES. ASIGNACIONES FAMILIARES. OBRAS Y SERVICIOS SOCIALES. SERVICIOS DE EMPLEO Y CAPACITACION PROFESIONAL AHORRO Y MUTUALISMO /  |c MIGUEL ANGEL CORDINI 
264 |a BUENOS AIRES :  |b EUDEBA,  |c 1966 
300 |a 209p. 
336 |a texto  |b txt  |2 rdacontenido 
337 |a sin mediación  |b n  |2 rdamedio 
338 |a volumen  |b nc  |2 rdasoporte 
440 |a MANUALES DE EUDEBA 
649 |a XX 
650 |a SEGURIDAD SOCIAL -  |x LEYES Y REGLAMENTOS 
910 |a Fondo General 
920 |a Impresos - Libros 
930 |a Colección General 
905 |a 101 
901 |a 046883  |b IT1  |c ACC  |i 046883  |u 20250521 
902 |a https://opac.biblio.iteso.mx/vufind/Record/000228572